| 000 -CABECERA |
| Longitud fija campo de control |
00598nam a2200181 a 4500 |
| 001 - NÚMERO DE CONTROL |
| Número de control |
1073 |
| 003 - IDENTIFICADOR DEL NÚMERO DE CONTROL |
| Identificador del número de control |
CDMR |
| 005 - FECHA Y HORA DE LA ÚLTIMA TRANSACCIÓN |
| Fecha y hora de la última transacción |
20131002104331.0 |
| 008 - CÓDIGOS DE INFORMACIÓN DE LONGITUD FIJA |
| Códigos de información de longitud fija |
130130s1967||||||||||||||||||||||||||||d |
| 040 ## - FUENTE DE LA CATALOGACIÓN |
| Centro catalogador de origen |
CDMR |
| Lengua de catalogación |
cat |
| Centro transcriptor |
CDMR |
| 100 1# - PUNTO DE ACCESO PRINCIPAL-NOMBRE DE PERSONA |
| Nombre de persona |
González Casanova, José Antonio |
| 9 (RLIN) |
378 |
| 245 13 - MENCIÓN DE TÍTULO |
| Título |
El régimen político de la televisión |
| Mención de responsabilidad, etc. |
Juan Antonio González Casanova ; prólogo de Manuel Jiménez de Parga |
| 260 ## - PUBLICACIÓN, DISTRIBUCIÓN, ETC. (PIE DE IMPRENTA) |
| Lugar de publicación, distribución, etc. |
Barcelona |
| Fecha de publicación, distribución, etc. |
1967 |
| Nombre del editor, distribuidor, etc. |
Nova Terra |
| 490 0# - MENCIÓN DE SERIE |
| Mención de serie |
Síntesis (Nova Terra) |
| Designación de volumen o secuencia |
22 |
| 650 04 - PUNTO DE ACCESO ADICIONAL DE MATERIA - TÉRMINO DE MATERIA |
| 9 (RLIN) |
3205 |
| Término de materia o nombre geográfico como elemento inicial |
Televisió |
| Subdivisión de materia general |
Dret i legislació |
| 650 04 - PUNTO DE ACCESO ADICIONAL DE MATERIA - TÉRMINO DE MATERIA |
| 9 (RLIN) |
3730 |
| Término de materia o nombre geográfico como elemento inicial |
Política de la televisió |
| 942 ## - ENTRADA DE ELEMENTOS AGREGADOS (KOHA) |
| Koha [por defecto] tipo de item |
Monografies |
| Fuente de clasificaión o esquema |
|